00000000nam##2200000za#4500
0019.614632
003CaOODSP
00520220111083444
007ta
008150406|1998||||xxc|||||     f|0| 0 eng|d
020 |a0-662-27356-7
022 |a1713-0638
040 |aCaOODSP|beng
043 |an-cn---
0861 |aNE22-1/1998-11E
1101 |aCanada. |bNational Energy Board.
24510|aIn the matter of Alliance Pipeline Ltd., on behalf of the Alliance Pipeline Limited Partnership, Alliance Pipeline Project : |bapplication dated 3 July 1997
260 |aCalgary - Alberta : |bNational Energy Board |c1998.
300 |a123p. : |bgraphs, tables ; |c28 cm.
4901 |aReasons for decision|x1713-0638
563 |aSoftcover
590 |a99-01|b1999-01-08
69007|aPipelines|2gcpds
77508|tRelativement à Alliance Pipeline Ltd., au nom d'Alliance Pipeline Limited Partnership : |w(CaOODSP)9.624920
7760#|tReasons for decision in the matter of Alliance Pipeline Ltd. on behalf of the Alliance Pipeline Limited Partnership, Alliance Pipeline project : |w(CaOODSP)9.572535
830#0|aReasons for decision (Canada. National Energy Board)|x1713-0638|w(CaOODSP)9.514808
986 |aGH-3-97